Normal view
MARC view
- Hendricks, William,
Entry Personal Name
001 - CONTROL NUMBER
- control field: 8108
003 - CONTROL NUMBER IDENTIFIER
- control field: NUST
005 - DATE AND TIME OF LATEST TRANSACTION
- control field: 20180110104015.0
008 - FIXED-LENGTH DATA ELEMENTS
- fixed length control field: 180110|| aca||aabn | a|a d
040 ## - CATALOGING SOURCE
- Original cataloging agency: NUST
- Transcribing agency: NUST
100 ## - HEADING--PERSONAL NAME
- Personal name: Hendricks, William,
- Titles and other words associated with a name: Dr.
670 ## - SOURCE DATA FOUND
- Source citation: Work cat.: (NUST)0: Coaching, mentoring, and managing /, 1996.
